Energy conversion : (Record no. 8503)
[ view plain ]
| 000 -LEADER | |
|---|---|
| fixed length control field | 00682nam a22002175a 4500 |
| 008 - FIXED-LENGTH DATA ELEMENTS--GENERAL INFORMATION | |
| fixed length control field | 090607s2007 ii ||||fr|||| 001 0 eng d |
| 040 ## - CATALOGING SOURCE | |
| Original cataloging agency | EG-ScBuE |
| Language of cataloging | eng |
| Transcribing agency | EG-ScBuE |
| 082 04 - DEWEY DECIMAL CLASSIFICATION NUMBER | |
| Classification number | 621.042 |
| Item number | GUP |
| Edition number | 22 |
| 100 1# - MAIN ENTRY--PERSONAL NAME | |
| Personal name | Gupta, J. B. |
| 9 (RLIN) | 5867 |
| 245 10 - TITLE STATEMENT | |
| Title | Energy conversion : |
| Remainder of title | for Engineering Students / |
| Statement of responsibility, etc | J. B. Gupta. |
| 250 ## - EDITION STATEMENT | |
| Edition statement | 2nd ed. |
| 260 ## - PUBLICATION, DISTRIBUTION, ETC. (IMPRINT) | |
| Place of publication, distribution, etc | New Delhi : |
| Name of publisher, distributor, etc | S. K. Kataria & Sons, |
| Date of publication, distribution, etc | c.2007. |
| 300 ## - PHYSICAL DESCRIPTION | |
| Extent | xii,452 p. : |
| Other physical details | ill. ; |
| Dimensions | 24 cm. |
| 500 ## - GENERAL NOTE | |
| General note | Index : p. 449-452. |
| 590 ## - LOCAL NOTE (RLIN) | |
| Local note | yassmeen ashraf |
| 651 ## - SUBJECT ADDED ENTRY--GEOGRAPHIC NAME | |
| Source of heading or term | BUEsh |
| 653 ## - INDEX TERM--UNCONTROLLED | |
| Resource For college | Engineering, General |
| Arrived date list | August2015 |
| 650 #0 - SUBJECT ADDED ENTRY--TOPICAL TERM | |
| 9 (RLIN) | 5869 |
| Topical term or geographic name as entry element | Power resources |
| Source of heading or term | BUEsh |
| 650 #0 - SUBJECT ADDED ENTRY--TOPICAL TERM | |
| 9 (RLIN) | 5868 |
| Topical term or geographic name as entry element | Energy conversion |
| Source of heading or term | BUEsh |
| 942 ## - ADDED ENTRY ELEMENTS (KOHA) | |
| Item type | Book - Borrowing |
| Call number prefix | |
| Source of classification or shelving scheme | Dewey Decimal Classification |
| Withdrawn status | Item status | Source of classification or shelving scheme | Damaged status | Not for loan | Vendor | Home library | Current library | Shelving location | Date acquired | Source of acquisition | Total Checkouts | Full call number | Barcode | Date last seen | Koha item type |
|---|---|---|---|---|---|---|---|---|---|---|---|---|---|---|---|
| Dewey Decimal Classification | Alahram | Central Library | Central Library | First floor | 08/03/2010 | Purchase | 621.042 GUP | 000010296 | 15/07/2025 | Book - Borrowing |